Fond těžko pojistitelných rizik realitou
Narastajúci počet nepriaznivých klimatických zmien vyvoláva dopyt po nových typoch poistných produktoch ako aj poistenie ďalších rizík. Podpora ťažko poistiteľných rizík môže prispieť k väčšej istote v činnosti poľnohospodárov. Základné princípy fungovania Fondu ťažko poistiteľných rizík v poľnohosp...
Enregistré dans:
| Auteur principal: | |
|---|---|
| Format: | Chapitre de livre |
| Langue: | tchèque |
| Sujets: | |
| Tags: |
Pas de tags, Soyez le premier à ajouter un tag!
|
MARC
| LEADER | 00000naa$a2200000$$$4500 | ||
|---|---|---|---|
| 001 | 0210996 | ||
| 005 | 20220729111509.3 | ||
| 041 | 0 | |a cze | |
| 044 | |a CZ | ||
| 245 | 1 | 0 | |a Fond těžko pojistitelných rizik realitou |c Ondřej Mareček |
| 520 | |a Narastajúci počet nepriaznivých klimatických zmien vyvoláva dopyt po nových typoch poistných produktoch ako aj poistenie ďalších rizík. Podpora ťažko poistiteľných rizík môže prispieť k väčšej istote v činnosti poľnohospodárov. Základné princípy fungovania Fondu ťažko poistiteľných rizík v poľnohospodárstve. | ||
| 610 | 2 | 0 | |a poisťovníctvo |
| 610 | 2 | 0 | |a poistenie |
| 610 | 2 | 0 | |a produkty |
| 610 | 2 | 0 | |a riziko poistné |
| 610 | 2 | 0 | |a udalosti poistné |
| 610 | 2 | 0 | |a typy poistenia |
| 610 | 2 | 0 | |a poľnohospodárstvo |
| 610 | 2 | 0 | |a zmeny klimatické |
| 100 | 1 | |a Mareček, Ondřej | |